<?xml version="1.0" encoding="UTF-8"?>
<record
    xmlns:xsi="http://www.w3.org/2001/XMLSchema-instance"
    xsi:schemaLocation="http://www.loc.gov/MARC21/slim http://www.loc.gov/standards/marcxml/schema/MARC21slim.xsd"
    xmlns="http://www.loc.gov/MARC21/slim">

  <leader>00760nam a22002177a 4500</leader>
  <controlfield tag="005">20240408144851.0</controlfield>
  <controlfield tag="008">240408b           ||||| |||| 00| 0 eng d</controlfield>
  <datafield tag="020" ind1=" " ind2=" ">
    <subfield code="a">9789332587281</subfield>
  </datafield>
  <datafield tag="040" ind1=" " ind2=" ">
    <subfield code="c">AIMIT LIBRARY</subfield>
  </datafield>
  <datafield tag="082" ind1=" " ind2=" ">
    <subfield code="2">4</subfield>
    <subfield code="a">651.7</subfield>
    <subfield code="b">CHAP</subfield>
  </datafield>
  <datafield tag="100" ind1=" " ind2=" ">
    <subfield code="a"> Chaturvedi, P D.</subfield>
    <subfield code="9">159412</subfield>
  </datafield>
  <datafield tag="245" ind1=" " ind2=" ">
    <subfield code="a">Art and science of business communication : </subfield>
    <subfield code="b">skills, concepts, cases, and applications /</subfield>
    <subfield code="c">By P D Chaturvedi and Mukesh Chaturvedi.</subfield>
  </datafield>
  <datafield tag="250" ind1=" " ind2=" ">
    <subfield code="a">4th ed</subfield>
  </datafield>
  <datafield tag="260" ind1=" " ind2=" ">
    <subfield code="a">Uttar Pradesh :</subfield>
    <subfield code="b">Pearson ,</subfield>
    <subfield code="c">2023.</subfield>
  </datafield>
  <datafield tag="300" ind1=" " ind2=" ">
    <subfield code="a">xxvi,431p. ;</subfield>
    <subfield code="b">PB</subfield>
    <subfield code="c">27.7 cm</subfield>
  </datafield>
  <datafield tag="650" ind1=" " ind2=" ">
    <subfield code="a">Communication skills</subfield>
    <subfield code="9">159413</subfield>
  </datafield>
  <datafield tag="650" ind1=" " ind2=" ">
    <subfield code="a">Business communication</subfield>
    <subfield code="9">159414</subfield>
  </datafield>
  <datafield tag="650" ind1=" " ind2=" ">
    <subfield code="a">Structured applications</subfield>
    <subfield code="9">159415</subfield>
  </datafield>
  <datafield tag="700" ind1=" " ind2=" ">
    <subfield code="a">Chaturvedi, Mukesh.</subfield>
    <subfield code="9">159416</subfield>
  </datafield>
  <datafield tag="942" ind1=" " ind2=" ">
    <subfield code="2">ddc</subfield>
    <subfield code="c">BK</subfield>
    <subfield code="e">4th</subfield>
    <subfield code="k">651.7 CHAP</subfield>
  </datafield>
  <datafield tag="999" ind1=" " ind2=" ">
    <subfield code="c">230694</subfield>
    <subfield code="d">230694</subfield>
  </datafield>
  <datafield tag="952" ind1=" " ind2=" ">
    <subfield code="0">0</subfield>
    <subfield code="1">0</subfield>
    <subfield code="2">ddc</subfield>
    <subfield code="4">0</subfield>
    <subfield code="7">0</subfield>
    <subfield code="8">MBA</subfield>
    <subfield code="a">AIMIT</subfield>
    <subfield code="b">AIMIT</subfield>
    <subfield code="d">2024-03-09</subfield>
    <subfield code="e">Biblios Book Point</subfield>
    <subfield code="g">655.00</subfield>
    <subfield code="i">Bill no:8339; Bill dt:2024-03-04</subfield>
    <subfield code="l">1</subfield>
    <subfield code="o">651.7 CHAP</subfield>
    <subfield code="p">MBA14662</subfield>
    <subfield code="r">2026-05-23 00:00:00</subfield>
    <subfield code="s">2024-09-11</subfield>
    <subfield code="v">524.00</subfield>
    <subfield code="w">2024-04-08</subfield>
    <subfield code="y">BK</subfield>
  </datafield>
</record>
